• 首页
  • 本馆介绍
  • 公告通知
  • 最新文献
  • 馆藏检索
  • 电子资源
  • 读者导购
  • 参考咨询
  • 我的图书馆
  • 登录
  • 详细信息显示
  • 放入我的书架
  • 预约/预借图书
  • 作者相关作品
  • 分类相关作品
  • 丛书相关作品
  • 出版社相关作品

书目信息

  • 表格格式
  • 工作单格式
  • 卡片格式
题名:
中国餐饮业祖师爷
    
 
作者: 潘江东 著
分册:  
出版信息: 广州   南方日报出版社  2002
页数: 166页
开本: 21cm
丛书名:
单 册:
中图分类: TS971 , TS71-49
科图分类:
主题词: 饮食--文化--中国 , 饮食 , 造纸工业--基础理论
电子资源:
ISBN: 7-80652-120-8
000 00886nam0 2200265 450
001 1568187042
005 20150130185704.34
010    @a7-80652-120-8@dCNY11.00
100    @a20020517d2002 em y0chiy0110 ea
101 0  @achi
102    @aCN@b440000
105    @aa z 000yy
200 1  @a中国餐饮业祖师爷@9zhong guo can yin ye zu shi ye@f潘江东著
210    @a广州@c南方日报出版社@d2002
215    @a166页@c图,照片@d21cm
305    @a台湾扬智文化事业股份有限公司授权出版
330    @a本书叙述了中国饮食文化的源头,讲述了中国餐饮业祖师爷的信仰传说,内容包括祖师爷信仰的演进,中国餐饮业祖师爷的分类,中国烹饪厨艺业祖师爷,中国造酒业祖师爷等。
606 0  @a饮食@x文化@y中国
606 0  @a饮食
606 0  @a造纸工业@x基础理论
690    @aTS971@v5
690    @aTS71-49@v4
701  0 @a潘江东@9pan jiang dong@4著
801  0 @aCN@bTSSF@c20150130
905    @aZUCC@dTS71-49@eJY124
    
    中国餐饮业祖师爷/潘江东著.-广州:南方日报出版社,2002
    166页:图,照片;21cm
    
    
    ISBN 7-80652-120-8:CNY11.00
    本书叙述了中国饮食文化的源头,讲述了中国餐饮业祖师爷的信仰传说,内容包括祖师爷信仰的演进,中国餐饮业祖师爷的分类,中国烹饪厨艺业祖师爷,中国造酒业祖师爷等。
●
相关链接 在E读中查询图书 在五车中查询图书 在当当中查询图书 在豆瓣中查询图书


正题名:中国餐饮业祖师爷     索取号:TS71-49/JY124         预约/预借

序号 登录号 条形码 馆藏地/架位号 状态 备注
1 7862180   278621804   学院路分馆/ [索取号:TS71-49/JY124] 在馆    
2 7862181   278621813   学院路分馆/ [索取号:TS71-49/JY124] 在馆    
3 7862182   278621822   学院路分馆/ [索取号:TS71-49/JY124] 在馆    
4 7862183   278621831   学院路分馆/ [索取号:TS71-49/JY124] 在馆    
唐山师范学院图书馆 欢迎您!
大连网信软件有限公司© 版权所有